Central Library OPAC University of Rajshahi

Non-governmental organizations and development / (Record no. 86407)

MARC details
000 -LEADER
fixed length control field 01198nam a2200349 a 4500
001 - CONTROL NUMBER
control field 86407
003 - CONTROL NUMBER IDENTIFIER
rucl marc code BD-RjUL
005 - DATE AND TIME OF LATEST TRANSACTION
control field 20260430151941.0
008 - FIXED-LENGTH DATA ELEMENTS--GENERAL INFORMATION
fixed length control field 260430s2021 nyu b 001 0 eng
020 ## - INTERNATIONAL STANDARD BOOK NUMBER
International Standard Book Number 9781138352797
Qualifying information (hardback)
International Standard Book Number 9781138352810
Qualifying information (paperback)
Canceled/invalid ISBN 9780429434518
Qualifying information (ebook)
035 ## - SYSTEM CONTROL NUMBER
System control number (BD-RjUL)86407
040 ## - CATALOGING SOURCE
Original cataloging agency LBSOR/DLC
Language of cataloging eng
Description conventions rda
Transcribing agency DLC
Modifying agency DLC
-- BD-RjUL
041 ## - LANGUAGE CODE
Language code of text/sound track or separate title eng
082 00 - DEWEY DECIMAL CLASSIFICATION NUMBER
Edition number 23
Classification number 338.9
Author mark and year LEN 2021
100 1# - MAIN ENTRY--PERSONAL NAME
Personal name Lewis, David,
Dates associated with a name 1960-
Relator term author.
9 (RLIN) 18273
245 10 - TITLE STATEMENT
Title Non-governmental organizations and development /
Statement of responsibility, etc. David Lewis, Nazneen Kanji and Nuno S. Themudo.
250 ## - EDITION STATEMENT
Edition statement Second edition.
264 #1 - PRODUCTION, PUBLICATION, DISTRIBUTION, MANUFACTURE, AND COPYRIGHT NOTICE
Place of production, publication, distribution, manufacture London ;
-- New York, NY :
Name of producer, publisher, distributor, manufacturer Routledge,
Date of production, publication, distribution, manufacture, or copyright notice 2021.
300 ## - PHYSICAL DESCRIPTION
Pagination xiii, 258 pages ;
Size 24 cm.
336 ## - CONTENT TYPE
Content type term text
Content type code txt
Source rdacontent
337 ## - MEDIA TYPE
Media type term unmediated
Media type code n
Source rdamedia
338 ## - CARRIER TYPE
Carrier type term volume
Carrier type code nc
Source rdacarrier
490 0# - SERIES STATEMENT
Series statement Routledge perspectives on development
504 ## - BIBLIOGRAPHY, ETC. NOTE
Bibliography, etc Includes bibliographical references and index.
650 #0 - SUBJECT ADDED ENTRY--TOPICAL TERM
Topical term or geographic name as entry element Economic development.
9 (RLIN) 18274
Topical term or geographic name as entry element Non-governmental organizations.
9 (RLIN) 18275
700 1# - ADDED ENTRY--PERSONAL NAME
Personal name Kanji, Nazneen,
Relator term author.
Personal name Themudo, Nuno S.,
Relator term author.
942 ## - ADDED ENTRY ELEMENTS (KOHA)
Source of classification or shelving scheme Dewey Decimal Classification
Koha item type Books
Holdings
Lost status Source of classification or shelving scheme Damaged status Not for loan Collection code Permanent Location Current Location Shelving location Date acquired Source of acquisition Cost, normal purchase price Total Checkouts Full call number Date last seen Copy number Koha item type
  Dewey Decimal Classification   Not For Loan Non-fiction Central Library, University of Rajshahi Central Library, University of Rajshahi Reading Room 21/04/2026 Ahsania Mission Book Dis. 11650.00   338.9 LEN 2021 30/04/2026 C-1 Books